Statystyki dla Państwa najbliższe Indonezji - jednominutowy sprint

Kliknij tutaj aby rozwiązać quiz!

Ogólne statystyki

  • Ten quiz został rozwiązany 84 razy
  • Średni wynik to 14 z 20

Statystyki odpowiedzi

KmKraj% Poprawnych
0Malezja
93%
301Tajlandia
90%
600Wietnam
85%
6Singapur
83%
0Timor Wschodni
83%
0Papua-Nowa
Gwinea
82%
1105Laos
80%
768Kambodża
79%
146Australia
77%
179Indie
77%
1561Chiny
75%
168Filipiny
75%
40Brunei
72%
539Mjanma
69%
2033Tajwan
54%
1475Sri Lanka
52%
1719Bangladesz
45%
793Palau
39%
1103Mikronezja
32%
1701Wyspy Salomona
24%

Rozkład punktacji

Percentyl według liczby udzielonych odpowiedzi

Procent ludzi z każdym wynikiem

Twoja historia wyników

Nie rozwiązałeś tego quizu